000
00315cam a22001217a 4500
008
180718b1977 xxu||||| |||| 00| 0 eng d
082
_a
B235 M896
100
_a
Mukerjee, Hiren
245
_a
Proletarian internationalism
_c
by Hiren Mukerjee
260
_a
Delhi
_b
Navyug
_c
1977
300
_a
64p.
650
_a
Communism.
999
_c
477120
_d
477120